Judo Regras de competição (Record no. 42317)
[ view plain ]
| 000 -Etiqueta do registo | |
|---|---|
| Valores | 00383nam a2200157 4500 |
| 100 ## - Dados gerais de processamento | |
| Dados gerais | 20231120 pory50 |
| 101 ## - Língua de publicação | |
| Língua | por |
| 102 ## - País de publicação | |
| País | PT |
| 200 ## - Titulo e menção de responsabilidade | |
| Título próprio | Judo Regras de competição |
| Primeira menção de responsabilidade | Federação Portuguesa de Judo |
| 210 ## - Publicação | |
| Nome do editor | Federação Portuguesa de Judo |
| Data de publicação | 1979 |
| 215 ## - Descrição física | |
| Paginação / Volumes | 48 p. |
| Outras indicações físicas | il. |
| 675 ## - CDU | |
| Notação | 796.85 |
| 801 ## - Fonte de origem | |
| País | PT |
| Regras de catalogação | RPC |
| 990 ## - Elementos KOHA | |
| Tipo de documento | Livro |
| Aquisição | Empréstimo | Código de barras | Cota | Permissão de empréstimo | Tipo de documento |
|---|---|---|---|---|---|
| Biblioteca Escolar Doutor Hernâni Cidade | Biblioteca Escolar Doutor Hernâni Cidade | 55369 | 796.85 F.P.J. DESP. | Livro |